| 000 | 00724nam a2200241Ia 4500 | ||
|---|---|---|---|
| 003 | OSt | ||
| 005 | 20251009102449.0 | ||
| 008 | 210210b2009 xxu||||| |||| 00| 0 eng d | ||
| 020 | _a9788173175367 | ||
| 040 | _cAL | ||
| 041 | _aeng | ||
| 082 | _a001.644 SINP | ||
| 100 |
_aVishnu Priya Singh _9241819 |
||
| 245 | _aPractical multimedia course Rev Ed 2 | ||
| 250 | _a2 | ||
| 260 |
_aNew Delhi _bComputech Publishers., _c2009 |
||
| 300 | _a336 | ||
| 520 | _aImage audio video and animation fundamentals adobe flash CS4 adobe photoshop CS4 3-D studio max animation in maya sound forge and adobe premier CS4 | ||
| 650 |
_avideo _9241820 |
||
| 690 |
_aComputer Science _9241844 |
||
| 906 | _a065559 | ||
| 942 |
_2ddc _cBK |
||
| 999 |
_c145398 _d145398 |
||